[Event "FIDE Chesscom Grand Swiss 2019"]
[Site "Douglas-Isle of Man"]
[Date "2019.10.12"]
[Round "3.35"]
[White "Nihal Sarin"]
[Black "Nebolsina, Vera"]
[Result "1-0"]
[WhiteElo "2610"]
[BlackElo "2252"]
[Annotator "ChessBase"]
[PlyCount "49"]
[EventDate "2019.10.10"]
[EventType "swiss"]
[EventCountry "GBR"]
[SourceTitle "playchess.com"]
[Source "ChessBase"]
[SourceQuality "1"]
[TimeControl "40/6000+30:20/3000+30:900+30"]

1. d4 {[%emt 0:00:00]} Nf6 {[%emt 0:00:00]} 2. Bf4 {[%emt 0:00:05]} g6 {[%emt 0:00:16]} 3. Nc3 {[%emt 0:00:16]} d5 {[%emt 0:00:07]} 4. e3 {[%emt 0:00:14]} Bg7 {[%emt 0:00:33]} 5. h4 {[%emt 0:00:17]} h5 {[%emt 0:00:26]} 6. Nf3 {[%emt 0:00:56]} O-O {[%emt 0:00:35]} 7. Ne5 {[%emt 0:04:46]} c6 {[%emt 0:09:29]} 8. Be2 {[%emt 0:06:53]} Nfd7 {[%emt 0:15:47]} 9. g4 {[%emt 0:29:36]} Nxe5 {[%emt 0:00:35]} 10. Bxe5 {[%emt 0:01:20]} Bxg4 {[%emt 0:04:48]} 11. Bxg4 {[%emt 0:00:18]} hxg4 {[%emt 0:00:07]} 12. Qxg4 {[%emt 0:03:19]} Nd7 {[%emt 0:31:50]} 13. f4 {[%emt 0:15:43]} Qc8 {[%emt 0:00:00]} 14. Qg3 {[%emt 0:15:01]} f6 {[%emt 0:07:47]} 15. h5 {[%emt 0:04:01]} gxh5 {[%emt 0:03:44]} 16. O-O-O {[%emt 0:03:35]} fxe5 {[%emt 0:01:57]} 17. Rdg1 {[%emt 0:02:17]} Rf7 {[%emt 0:00:08]} 18. dxe5 {[%emt 0:06:00]} Nxe5 {[%emt 0:16:36]} 19. Rxh5 {[%emt 0:04:17]} Ng4 {[%emt 0:10:42]} 20. Qh4 {[%emt 0:02:11]} e5 {[%emt 0:02:20]} 21. Rxg4 {[%emt 0:00:26]} Kf8 {[%emt 0:00:04]} 22. Rxg7 {[%emt 0:00:24]} Rxg7 {[%emt 0:00:11]} 23. Rh8+ {[%emt 0:00:07]} Kf7 {[%emt 0:00:05]} 24. Qh5+ {[%emt 0:00:09]} Ke7 {[%emt 0:00:39]} 25. Qxe5+ {[%emt 0:00:06]} 1-0

[Event "FIDE Chesscom Grand Swiss 2019"]
[Site "Douglas-Isle of Man"]
[Date "2019.10.12"]
[Round "3.36"]
[White "Kolbus, Dietmar"]
[Black "Jones, Gawain C B"]
[Result "0-1"]
[WhiteElo "2300"]
[BlackElo "2688"]
[Annotator "TA"]
[PlyCount "36"]
[EventDate "2019.10.10"]
[EventType "swiss"]
[EventCountry "GBR"]
[SourceTitle "playchess.com"]
[Source "ChessBase"]
[SourceQuality "1"]

{[%evp 10,78,10,21,15,15,12,11,6,0,0,0,0,-29,-16,-58,-77,-129,-120,-186,-180,-196,-185,-183,-183,-187,-170,-184,-154,-191,-186,-186,-114,-160,-153,-150,-145,-225,-238,-260,-230,-283,-268,-287,-239,-238,-233,-618,-601,-804,-804,-798,-791,-801,-795,-789,-783,-783,-767,-875,-863,-1079,-991,-3366,-1925,-1313,-1186,-6070,-6070,-29968,-29963]} 1. c4 g6 2. e4 e5 3. Nf3 Bg7 4. d4 exd4 5. Nxd4 Nf6 6. Nc3 O-O {A10: English Opening: Unusual Replies for Black} 7. Be3 (7. Nde2 Re8 8. f3 c6 9. g4 Na6 10. g5 Nh5 11. Be3 d5 12. cxd5 cxd5 13. Qxd5 Nb4 14. Qxd8 Rxd8 {1-0 (48) Ponkratov,P (2644)-Sychev,K (2579) Skolkovo 2019}) 7... c6 8. Be2 Re8 {The position is equal.} 9. Bf3 d6 10. O-O $146 ({Predecessor:} 10. Nb3 Be6 11. Be2 Nbd7 12. Qxd6 Ng4 13. Bxg4 Bxg4 14. f3 {½-½ (32) Tihonov,J (2393)-Nasuta,G (2533) Suwalki 2019}) 10... Nbd7 {[%cal Bb8d7,Bd7e5,Be5f3][%mdl 32]} 11. Re1 Ne5 12. b3 Nxf3+ 13. Qxf3 ({White should play} 13. Nxf3 Nxe4 14. Nxe4 Rxe4 15. Qd3) 13... c5 $1 $17 14. Nc2 {[#]} (14. Nde2 $17) 14... Bg4 $1 $36 {[%cal Rg4f3][%mdl 2048] Keeping White busy.} 15. Qf4 Nh5 $1 {[%csl LRc3,LRf4][%mdl 64] Discovered Attack} 16. Qxg4 {Bd2 is the strong threat.} Bxc3 17. Bg5 Qa5 18. Qf3 Re5 {Played: Re8-e6} 0-1

[Event "FIDE Chesscom Grand Swiss 2019"]
[Site "Douglas-Isle of Man"]
[Date "2019.10.12"]
[Round "3.37"]
[White "Zhang, Zhong"]
[Black "Jansa, Vlastimil"]
[Result "1-0"]
[WhiteElo "2636"]
[BlackElo "2452"]
[Annotator "RC"]
[PlyCount "73"]
[EventDate "2019.10.10"]
[EventType "swiss"]
[EventCountry "GBR"]
[SourceTitle "playchess.com"]
[Source "ChessBase"]
[SourceQuality "1"]
[TimeControl "40/6000+30:20/3000+30:900+30"]

1. Nf3 {[%emt 0:00:00]} Nf6 {[%emt 0:00:00]} 2. c4 {[%emt 0:00:00]} g6 {[%emt 0:00:00]} 3. Nc3 {[%emt 0:00:00]} d5 {[%emt 0:00:07]} 4. cxd5 {[%emt 0:00:11]} Nxd5 {[%emt 0:00:05]} 5. Qb3 {[%emt 0:00:06]} Nb6 {[%emt 0:01:43]} 6. d4 {[%emt 0:00:16]} Bg7 {[%emt 0:00:41]} 7. e4 {[%emt 0:00:16]} O-O {[%emt 0:01:30]} 8. Be3 {[%emt 0:00:20]} Bg4 {[%emt 0:06:12]} 9. Rd1 {[%emt 0:00:25]} e6 {[%emt 0:01:51]} 10. Be2 {[%emt 0:07:35]} Nc6 {[%emt 0:00:31]} 11. e5 {[%emt 0:00:23]} h6 {[%emt 0:12:38]} 12. h3 {[%emt 0:02:09]} Bxf3 {[%emt 0:01:42]} 13. Bxf3 {[%emt 0:00:08]} Ne7 {[%emt 0:04:56]} 14. O-O {[%emt 0:06:19]} c6 {[%emt 0:03:03]} 15. Ne4 {[%emt 0:01:54]} Nf5 {[%emt 0:03:55]} 16. g4 {[%emt 0:34:43]} Nxe3 {[%emt 0:02:16]} 17. fxe3 {[%emt 0:00:04]} Nd5 {[%emt 0:04:29]} 18. Bg2 {[%emt 0:01:41]} Qb6 {[%emt 0:12:54]} 19. Rd3 {[%emt 0:01:31]} Rfd8 {[%emt 0:07:09]} 20. a3 {[%emt 0:04:51]} Bf8 {[%emt 0:06:13]} 21. Qc2 {[%emt 0:01:02]} a5 {[%emt 0:06:47]} 22. h4 {[%emt 0:05:52]} Rac8 {[%emt 0:03:11]} 23. Qf2 {[%emt 0:03:31]} Qc7 {[%emt 0:06:41]} 24. g5 {[%emt 0:01:14]} h5 {[%emt 0:01:30]} 25. Bh3 {[%emt 0:04:19]} Rd7 {[%emt 0:04:17]} 26. Qg3 {[%emt 0:04:25]} Re8 {[%emt 0:08:05]} 27. Rd2 {[%emt 0:02:49]} b6 {[%emt 0:02:44]} 28. Rf3 {[%emt 0:01:30]} Kh8 {[%emt 0:02:24]} 29. Bf1 {[%emt 0:01:07]} b5 {[%emt 0:02:41]} 30. Rc2 {[%emt 0:02:18]} Qb6 {[%emt 0:00:42]} 31. Rcf2 {[%emt 0:02:30]} Kg8 {[%emt 0:00:41]} 32. Bd3 {[%emt 0:00:50]} c5 {[%emt 0:01:46]} 33. Nf6+ {[%emt 0:03:13]} Nxf6 {[%emt 0:00:08]} 34. gxf6 {[%emt 0:00:03]} cxd4 {[%emt 0:01:09]} 35. Bxg6 {[%emt 0:00:03]} dxe3 {[%emt 0:01:01]} 36. Bxf7+ {[%emt 0:01:59]} Kxf7 {[%emt 0:00:22]} 37. Rg2 {[%emt 0:00:12]} 1-0

[Event "FIDE Chesscom Grand Swiss 2019"]
[Site "Douglas-Isle of Man"]
[Date "2019.10.12"]
[Round "3.38"]
[White "Arkell, Keith C"]
[Black "Iturrizaga Bonelli, Eduardo"]
[Result "0-1"]
[WhiteElo "2447"]
[BlackElo "2629"]
[Annotator "RC"]
[PlyCount "82"]
[EventDate "2019.10.10"]
[EventType "swiss"]
[EventCountry "GBR"]
[SourceTitle "playchess.com"]
[Source "ChessBase"]
[SourceQuality "1"]
[TimeControl "40/6000+30:20/3000+30:900+30"]

1. Nf3 {[%emt 0:00:00]} e6 {[%emt 0:00:47]} 2. c4 {[%emt 0:00:00]} g6 {[%emt 0:01:23]} 3. Nc3 {[%emt 0:02:02]} Bg7 {[%emt 0:00:05]} 4. d4 {[%emt 0:00:32]} d5 {[%emt 0:02:29]} 5. cxd5 {[%emt 0:02:27]} exd5 {[%emt 0:00:06]} 6. Bg5 {[%emt 0:00:13]} Nf6 {[%emt 0:00:10]} 7. e3 {[%emt 0:00:24]} O-O {[%emt 0:00:08]} 8. b4 {[%emt 0:01:46]} h6 {[%emt 0:02:25]} 9. Bxf6 {[%emt 0:00:23]} Bxf6 {[%emt 0:01:31]} 10. Be2 {[%emt 0:01:54]} Be6 {[%emt 0:00:32]} 11. b5 {[%emt 0:03:12]} a6 {[%emt 0:03:29]} 12. a4 {[%emt 0:00:25]} c5 {[%emt 0:00:10]} 13. bxc6 {[%emt 0:01:05]} Nxc6 {[%emt 0:00:18]} 14. O-O {[%emt 0:00:39]} Rc8 {[%emt 0:00:13]} 15. Na2 {[%emt 0:04:15]} Na5 {[%emt 0:09:15]} 16. Nc1 {[%emt 0:00:15]} Rc3 {[%emt 0:12:11]} 17. Nd3 {[%emt 0:00:58]} Qc7 {[%emt 0:00:04]} 18. Nf4 {[%emt 0:01:58]} Qd6 {[%emt 0:07:02]} 19. Nxe6 {[%emt 0:00:32]} Qxe6 {[%emt 0:00:05]} 20. Rb1 {[%emt 0:06:05]} Rfc8 {[%emt 0:01:24]} 21. Ne1 {[%emt 0:03:38]} Be7 {[%emt 0:07:50]} 22. Nd3 {[%emt 0:01:24]} Bd6 {[%emt 0:00:05]} 23. Bg4 {[%emt 0:06:05]} f5 {[%emt 0:00:15]} 24. Bf3 {[%emt 0:00:03]} Kg7 {[%emt 0:03:11]} 25. Nb4 {[%emt 0:09:25]} Bxb4 {[%emt 0:01:48]} 26. Rxb4 {[%emt 0:00:05]} Qd6 {[%emt 0:00:56]} 27. Rb2 {[%emt 0:08:16]} R8c7 {[%emt 0:01:33]} 28. g3 {[%emt 0:05:59]} Nc4 {[%emt 0:02:53]} 29. Rb1 {[%emt 0:01:38]} Na3 {[%emt 0:08:53]} 30. Rb2 {[%emt 0:02:26]} b5 {[%emt 0:00:32]} 31. axb5 {[%emt 0:00:15]} axb5 {[%emt 0:00:04]} 32. Qa1 {[%emt 0:10:29]} b4 {[%emt 0:01:05]} 33. Qa2 {[%emt 0:01:34]} Nc4 {[%emt 0:00:27]} 34. Rbb1 {[%emt 0:02:14]} Ra3 {[%emt 0:02:33]} 35. Qe2 {[%emt 0:00:08]} b3 {[%emt 0:07:52]} 36. Rfd1 {[%emt 0:05:19]} Rca7 {[%emt 0:12:38]} 37. Kg2 {[%emt 0:19:03]} Ra2 {[%emt 0:06:35]} 38. Qd3 {[%emt 0:00:57]} b2 {[%emt 0:00:05]} 39. Qb3 {[%emt 0:02:08]} R2a6 {[%emt 0:06:40]} 40. Be2 {[%emt 0:06:26]} Rb6 {[%emt 0:00:29]} 41. Qc3 {[%emt 0:05:53]} Qb4 {[%emt 0:02:14]} 0-1

[Event "FIDE Chesscom Grand Swiss 2019"]
[Site "Douglas-Isle of Man"]
[Date "2019.10.12"]
[Round "3.39"]
[White "Bulmaga, Irina"]
[Black "Sethuraman, S.P."]
[Result "0-1"]
[WhiteElo "2442"]
[BlackElo "2624"]
[Annotator "RC"]
[PlyCount "84"]
[EventDate "2019.10.10"]
[EventType "swiss"]
[EventCountry "GBR"]
[SourceTitle "playchess.com"]
[Source "ChessBase"]
[SourceQuality "1"]
[TimeControl "40/6000+30:20/3000+30:900+30"]

1. e4 {[%emt 0:00:00]} c5 {[%emt 0:00:00]} 2. Nf3 {[%emt 0:00:00]} d6 {[%emt 0:00:00]} 3. d4 {[%emt 0:00:00]} cxd4 {[%emt 0:00:00]} 4. Nxd4 {[%emt 0:00:00]} Nf6 {[%emt 0:00:00]} 5. Nc3 {[%emt 0:00:02]} Nc6 {[%emt 0:00:32]} 6. f3 {[%emt 0:00:08]} e6 {[%emt 0:08:20]} 7. Be3 {[%emt 0:00:12]} Be7 {[%emt 0:00:23]} 8. Qd2 {[%emt 0:00:09]} O-O {[%emt 0:01:04]} 9. O-O-O {[%emt 0:00:07]} a6 {[%emt 0:01:27]} 10. h4 {[%emt 0:00:21]} Nd7 {[%emt 0:08:30]} 11. g4 {[%emt 0:03:46]} Nde5 {[%emt 0:11:27]} 12. Be2 {[%emt 0:09:51]} b5 {[%emt 0:01:53]} 13. Nxc6 {[%emt 0:17:42]} Nxc6 {[%emt 0:00:06]} 14. Bg5 {[%emt 0:05:43]} f6 {[%emt 0:08:39]} 15. Be3 {[%emt 0:00:51]} Qa5 {[%emt 0:00:14]} 16. a3 {[%emt 0:00:56]} b4 {[%emt 0:01:25]} 17. Na2 {[%emt 0:02:20]} bxa3 {[%emt 0:01:43]} 18. b3 {[%emt 0:09:52]} Qc7 {[%emt 0:09:39]} 19. g5 {[%emt 0:11:00]} Rd8 {[%emt 0:07:43]} 20. Rhg1 {[%emt 0:04:11]} d5 {[%emt 0:07:12]} 21. exd5 {[%emt 0:06:24]} Rxd5 {[%emt 0:01:24]} 22. Qc3 {[%emt 0:00:59]} Kh8 {[%emt 0:04:04]} 23. f4 {[%emt 0:13:23]} Bd7 {[%emt 0:04:02]} 24. Kb1 {[%emt 0:01:56]} a5 {[%emt 0:03:45]} 25. h5 {[%emt 0:04:43]} fxg5 {[%emt 0:02:50]} 26. Rxd5 {[%emt 0:04:06]} exd5 {[%emt 0:00:10]} 27. Bd4 {[%emt 0:07:25]} Qxf4 {[%emt 0:04:26]} 28. Bxg7+ {[%emt 0:00:02]} Kg8 {[%emt 0:00:05]} 29. Rf1 {[%emt 0:02:41]} Qd6 {[%emt 0:03:14]} 30. h6 {[%emt 0:00:14]} a4 {[%emt 0:02:25]} 31. Bh5 {[%emt 0:02:50]} Be8 {[%emt 0:02:05]} 32. Bxe8 {[%emt 0:02:08]} Rxe8 {[%emt 0:00:06]} 33. bxa4 {[%emt 0:00:57]} Qe6 {[%emt 0:06:35]} 34. Nc1 {[%emt 0:00:20]} d4 {[%emt 0:05:17]} 35. Re1 {[%emt 0:01:06]} Qd5 {[%emt 0:01:12]} 36. Qg3 {[%emt 0:01:02]} Rb8+ {[%emt 0:01:03]} 37. Nb3 {[%emt 0:00:29]} d3 {[%emt 0:01:20]} 38. Qxd3 {[%emt 0:00:33]} Qxd3 {[%emt 0:00:08]} 39. cxd3 {[%emt 0:00:07]} Rxb3+ {[%emt 0:00:04]} 40. Ka2 {[%emt 0:00:53]} Rxd3 {[%emt 0:00:11]} 41. Rc1 {[%emt 0:01:04]} Nb4+ {[%emt 0:00:56]} 42. Ka1 {[%emt 0:00:11]} Kf7 {[%emt 0:00:22]} 0-1

[Event "FIDE Chesscom Grand Swiss 2019"]
[Site "Douglas-Isle of Man"]
[Date "2019.10.12"]
[Round "3.40"]
[White "Baron, Tal"]
[Black "Batsiashvili, Nino"]
[Result "1-0"]
[WhiteElo "2531"]
[BlackElo "2422"]
[Annotator "ChessBase"]
[PlyCount "97"]
[EventDate "2019.10.10"]
[EventType "swiss"]
[EventCountry "GBR"]
[SourceTitle "playchess.com"]
[Source "ChessBase"]
[SourceQuality "1"]
[TimeControl "40/6000+30:20/3000+30:900+30"]

1. e4 {[%emt 0:00:00]} e6 {[%emt 0:00:18]} 2. d4 {[%emt 0:00:00]} d5 {[%emt 0:00:04]} 3. Nc3 {[%emt 0:00:00]} Nf6 {[%emt 0:00:26]} 4. Bg5 {[%emt 0:00:00]} dxe4 {[%emt 0:00:36]} 5. Nxe4 {[%emt 0:00:00]} Be7 {[%emt 0:00:10]} 6. Bxf6 {[%emt 0:00:00]} gxf6 {[%emt 0:00:07]} 7. Nf3 {[%emt 0:00:20]} a6 {[%emt 0:05:54]} 8. g3 {[%emt 0:00:03]} f5 {[%emt 0:02:15]} 9. Nc3 {[%emt 0:00:10]} b5 {[%emt 0:02:57]} 10. Bg2 {[%emt 0:00:04]} Bb7 {[%emt 0:00:08]} 11. O-O {[%emt 0:01:27]} Qd6 {[%emt 0:10:54]} 12. Qe2 {[%emt 0:13:49]} Nd7 {[%emt 0:07:31]} 13. d5 {[%emt 0:12:00]} e5 {[%emt 0:04:24]} 14. Rfe1 {[%emt 0:04:59]} b4 {[%emt 0:15:12]} 15. Nxe5 {[%emt 0:05:18]} Nxe5 {[%emt 0:00:38]} 16. Qxe5 {[%emt 0:00:10]} Qxe5 {[%emt 0:00:52]} 17. Rxe5 {[%emt 0:00:03]} bxc3 {[%emt 0:00:04]} 18. Rae1 {[%emt 0:00:52]} O-O-O {[%emt 0:04:00]} 19. Rxe7 {[%emt 0:00:10]} Bxd5 {[%emt 0:00:56]} 20. Bxd5 {[%emt 0:13:03]} Rxd5 {[%emt 0:00:01]} 21. bxc3 {[%emt 0:01:55]} Rc5 {[%emt 0:05:23]} 22. R1e5 {[%emt 0:09:08]} Rxc3 {[%emt 0:01:20]} 23. Rxf5 {[%emt 0:00:06]} Rxc2 {[%emt 0:00:25]} 24. a4 {[%emt 0:04:43]} h5 {[%emt 0:10:52]} 25. h4 {[%emt 0:00:33]} Rh7 {[%emt 0:00:05]} 26. Kg2 {[%emt 0:02:40]} Rc4 {[%emt 0:01:24]} 27. a5 {[%emt 0:00:18]} Kd8 {[%emt 0:00:45]} 28. Ree5 {[%emt 0:00:58]} Kd7 {[%emt 0:01:47]} 29. Kf3 {[%emt 0:03:03]} Rc3+ {[%emt 0:04:42]} 30. Ke4 {[%emt 0:00:20]} Rc2 {[%emt 0:01:11]} 31. Kd3 {[%emt 0:00:30]} Rc6 {[%emt 0:02:39]} 32. Rxh5 {[%emt 0:00:32]} Rd6+ {[%emt 0:02:15]} 33. Ke4 {[%emt 0:02:19]} Rxh5 {[%emt 0:00:48]} 34. Rxh5 {[%emt 0:00:03]} c6 {[%emt 0:01:03]} 35. g4 {[%emt 0:01:13]} Rd1 {[%emt 0:01:59]} 36. Rh7 {[%emt 0:01:52]} Ke7 {[%emt 0:04:35]} 37. g5 {[%emt 0:04:55]} Rg1 {[%emt 0:02:33]} 38. f4 {[%emt 0:05:01]} Re1+ {[%emt 0:02:31]} 39. Kf5 {[%emt 0:00:25]} Ra1 {[%emt 0:00:29]} 40. g6 {[%emt 0:00:47]} Rxa5+ {[%emt 0:00:01]} 41. Kg4 {[%emt 0:50:24]} Kf6 {[%emt 0:50:55]} 42. gxf7 {[%emt 0:08:03]} Ke7 {[%emt 0:00:20]} 43. h5 {[%emt 0:00:41]} Ra1 {[%emt 0:04:19]} 44. h6 {[%emt 0:14:28]} a5 {[%emt 0:10:42]} 45. Rg7 {[%emt 0:02:19]} a4 {[%emt 0:00:00]} 46. h7 {[%emt 0:00:00]} Rg1+ {[%emt 0:00:00]} 47. Kf5 {[%emt 0:00:00]} Rxg7 {[%emt 0:00:00]} 48. f8=Q+ {[%emt 0:00:00]} Kxf8 {[%emt 0:00:00]} 49. h8=Q+ {[%emt 0:00:00]} 1-0

[Event "FIDE Chesscom Grand Swiss 2019"]
[Site "Douglas-Isle of Man"]
[Date "2019.10.12"]
[Round "3.41"]
[White "Houska, Jovanka"]
[Black "Prithu Gupta"]
[Result "1-0"]
[WhiteElo "2430"]
[BlackElo "2493"]
[Annotator "ChessBase"]
[PlyCount "109"]
[EventDate "2019.10.10"]
[EventType "swiss"]
[EventCountry "GBR"]
[SourceTitle "playchess.com"]
[Source "ChessBase"]
[SourceQuality "1"]
[TimeControl "40/6000+30:20/3000+30:900+30"]

1. d4 {[%emt 0:00:00]} Nf6 {[%emt 0:00:00]} 2. Nf3 {[%emt 0:00:00]} e6 {[%emt 0:00:00]} 3. c4 {[%emt 0:00:00]} Bb4+ {[%emt 0:00:00]} 4. Bd2 {[%emt 0:00:26]} c5 {[%emt 0:00:00]} 5. Bxb4 {[%emt 0:01:03]} cxb4 {[%emt 0:00:01]} 6. g3 {[%emt 0:00:08]} b6 {[%emt 0:00:05]} 7. Bg2 {[%emt 0:00:22]} Bb7 {[%emt 0:00:06]} 8. O-O {[%emt 0:01:33]} a5 {[%emt 0:00:05]} 9. Qd3 {[%emt 0:03:54]} O-O {[%emt 0:00:32]} 10. Nbd2 {[%emt 0:00:12]} d6 {[%emt 0:00:07]} 11. Rfd1 {[%emt 0:08:52]} Qe7 {[%emt 0:01:27]} 12. a3 {[%emt 0:01:48]} Na6 {[%emt 0:00:40]} 13. Ne1 {[%emt 0:06:43]} d5 {[%emt 0:21:13]} 14. e4 {[%emt 0:11:05]} dxe4 {[%emt 0:09:17]} 15. Nxe4 {[%emt 0:02:39]} Bxe4 {[%emt 0:00:09]} 16. Bxe4 {[%emt 0:00:04]} Rac8 {[%emt 0:05:17]} 17. Bg2 {[%emt 0:05:34]} Rfd8 {[%emt 0:00:31]} 18. Qb3 {[%emt 0:00:25]} Qc7 {[%emt 0:04:26]} 19. Bf1 {[%emt 0:03:19]} bxa3 {[%emt 0:08:49]} 20. bxa3 {[%emt 0:01:48]} Nb8 {[%emt 0:00:07]} 21. Rab1 {[%emt 0:01:47]} Nc6 {[%emt 0:05:46]} 22. Qxb6 {[%emt 0:04:02]} Qxb6 {[%emt 0:00:23]} 23. Rxb6 {[%emt 0:00:05]} Nxd4 {[%emt 0:00:05]} 24. Kg2 {[%emt 0:01:36]} Ne4 {[%emt 0:13:16]} 25. Nf3 {[%emt 0:18:28]} Nxf3 {[%emt 0:03:38]} 26. Rxd8+ {[%emt 0:00:04]} Rxd8 {[%emt 0:00:05]} 27. Kxf3 {[%emt 0:00:04]} f5 {[%emt 0:00:05]} 28. Be2 {[%emt 0:11:20]} Rd2 {[%emt 0:05:12]} 29. Ke3 {[%emt 0:03:39]} Ra2 {[%emt 0:00:11]} 30. Rxe6 {[%emt 0:00:38]} Rxa3+ {[%emt 0:00:17]} 31. Kd4 {[%emt 0:00:15]} Ra2 {[%emt 0:04:18]} 32. Ke3 {[%emt 0:05:33]} a4 {[%emt 0:00:59]} 33. f3 {[%emt 0:04:27]} Nc3 {[%emt 0:05:07]} 34. Bd3 {[%emt 0:01:27]} Nd1+ {[%emt 0:01:34]} 35. Kf4 {[%emt 0:02:35]} Kf7 {[%emt 0:09:58]} 36. Ra6 {[%emt 0:00:39]} g6 {[%emt 0:03:31]} 37. c5 {[%emt 0:01:40]} Ke7 {[%emt 0:02:27]} 38. Ke5 {[%emt 0:00:59]} Rd2 {[%emt 0:03:18]} 39. Ra7+ {[%emt 0:02:43]} Kd8 {[%emt 0:00:11]} 40. Bc4 {[%emt 0:00:55]} Nb2 {[%emt 0:05:47]} 41. Bd5 {[%emt 0:51:33]} Kc8 {[%emt 0:01:25]} 42. Rxh7 {[%emt 0:00:00]} Rc2 {[%emt 0:01:33]} 43. Kd6 {[%emt 0:00:00]} Nc4+ {[%emt 0:00:19]} 44. Bxc4 {[%emt 0:00:00]} Rxc4 {[%emt 0:00:06]} 45. Kc6 {[%emt 0:00:00]} Kb8 {[%emt 0:00:18]} 46. Rb7+ {[%emt 0:00:00]} Kc8 {[%emt 0:00:16]} 47. Ra7 {[%emt 0:00:00]} Kb8 {[%emt 0:00:07]} 48. Ra5 {[%emt 0:00:00]} g5 {[%emt 0:00:08]} 49. Kd5 {[%emt 0:00:00]} Rc2 {[%emt 0:00:33]} 50. Ke5 {[%emt 0:00:00]} f4 {[%emt 0:00:52]} 51. gxf4 {[%emt 0:00:00]} gxf4 {[%emt 0:00:06]} 52. Rxa4 {[%emt 0:00:00]} Rxh2 {[%emt 0:00:12]} 53. Rxf4 {[%emt 0:00:00]} Kc7 {[%emt 0:00:05]} 54. Rf6 {[%emt 0:00:00]} Re2+ {[%emt 0:00:20] Ke4} 55. Kf5 {[%emt 0:00:00]} 1-0

[Event "FIDE Chesscom Grand Swiss 2019"]
[Site "Douglas-Isle of Man"]
[Date "2019.10.12"]
[Round "3.42"]
[White "Kashlinskaya, Alina"]
[Black "Wu, Li"]
[Result "1-0"]
[WhiteElo "2481"]
[BlackElo "2332"]
[Annotator "TA"]
[PlyCount "81"]
[EventDate "2019.10.10"]
[EventType "swiss"]
[EventCountry "GBR"]
[SourceTitle "playchess.com"]
[Source "ChessBase"]
[SourceQuality "1"]

{[%evp 12,107,23,37,85,69,64,23,24,13,16,20,22,23,34,34,36,45,58,53,55,52,58,62,63,58,64,71,66,67,129,127,120,132,129,129,203,184,251,221,263,247,273,275,256,188,188,188,211,188,222,188,275,226,310,310,326,327,314,262,382,337,392,392,392,392,415,392,378,0,414,413,413,387,413,413,413,408,407,0,393,346,362,362,408,398,382,373,332,308,1535,1759,29953,29960,29955,29954,29979,29980]} 1. d4 d5 2. c4 e6 3. Nc3 ({Predecessor:} 3. Nf3 c5 4. cxd5 exd5 {1-0 (42) Indjic,A (2541)-Zovko,M (2301) Zadar 2013}) 3... c5 4. cxd5 exd5 5. Nf3 Nc6 6. dxc5 d4 7. Na4 Bxc5 {[%mdl 64] [#] Decoy. D32: Tarrasch Defence: Sidelines and lines without g3} 8. Nxc5 {Threatens to win with Nb3.} Qa5+ 9. Bd2 Qxc5 {White has an edge.} 10. Rc1 Qb6 $1 11. e3 Nf6 12. Bc4 O-O $146 (12... dxe3 13. Bxe3 Qb4+ 14. Bd2 Qe7+ 15. Be2 {½-½ (74) Wojtaszek,R (2737)-Nisipeanu,L (2672) Dortmund 2019}) 13. O-O Bg4 14. exd4 Nxd4 15. Be3 Bxf3 $1 16. Qxd4 Qxd4 17. Bxd4 Bd5 18. Bxf6 Bxc4 19. Rxc4 {Strongly threatening Rg4.} gxf6 $14 {[%mdl 4096] Endgame KRR-KRR} 20. Rc7 Rfc8 (20... b5 $14) 21. Rfc1 Rxc7 22. Rxc7 $16 {KR-KR} Rd8 {[%cal Rd8d1] [#]} 23. g3 $1 Rd1+ (23... Rb8 $16 24. Kf1 a5) 24. Kg2 $18 Ra1 (24... b5 $142 25. Rxa7 Rb1) 25. a3 ({Weaker is} 25. Rxb7 Rxa2 26. g4 f5 $14) 25... b5 26. Rxa7 b4 27. Ra4 bxa3 28. Rxa3 ({Don't do} 28. bxa3 $6 f5 $18) 28... Rb1 29. Rb3 Kg7 30. Kf3 Kg6 31. Rb5 Rh1 (31... f5 $142 32. Rb6+ f6) 32. h4 Rc1 33. Rb4 f5 34. Rf4 Re1 35. b4 {[%cal Bb2b4,Bb4b5][%mdl 32]} f6 (35... Re5 {was necessary.} 36. Rd4 h5) 36. Rc4 h6 37. b5 Rb1 38. Rc5 Re1 39. Rd5 Re4 40. Rc5 Re1 $1 41. b6 {Played: h4-h5} 1-0

[Event "FIDE Chesscom Grand Swiss 2019"]
[Site "Douglas-Isle of Man"]
[Date "2019.10.12"]
[Round "3.43"]
[White "Cramling, Pia"]
[Black "Allen, Keith"]
[Result "1-0"]
[WhiteElo "2462"]
[BlackElo "2161"]
[Annotator "ChessBase"]
[PlyCount "73"]
[EventDate "2019.10.10"]
[EventType "swiss"]
[EventCountry "GBR"]
[SourceTitle "playchess.com"]
[Source "ChessBase"]
[SourceQuality "1"]
[TimeControl "40/6000+30:20/3000+30:900+30"]

1. c4 {[%emt 0:00:00]} e6 {[%emt 0:01:12]} 2. Nc3 {[%emt 0:00:00]} d5 {[%emt 0:00:22]} 3. d4 {[%emt 0:00:07]} Nf6 {[%emt 0:00:26]} 4. cxd5 {[%emt 0:00:22]} exd5 {[%emt 0:00:26]} 5. Bg5 {[%emt 0:00:10]} c6 {[%emt 0:00:42]} 6. e3 {[%emt 0:00:21]} Be7 {[%emt 0:00:52]} 7. Bd3 {[%emt 0:00:23]} Nbd7 {[%emt 0:00:42]} 8. h3 {[%emt 0:01:27]} O-O {[%emt 0:05:41]} 9. Bf4 {[%emt 0:00:40]} Re8 {[%emt 0:08:13]} 10. Nf3 {[%emt 0:01:25]} Nf8 {[%emt 0:02:21]} 11. Qc2 {[%emt 0:00:27]} Ng6 {[%emt 0:05:34]} 12. Bh2 {[%emt 0:00:37]} Bd6 {[%emt 0:01:02]} 13. Bxd6 {[%emt 0:00:50]} Qxd6 {[%emt 0:00:04]} 14. O-O-O {[%emt 0:00:35]} b5 {[%emt 0:06:12]} 15. Kb1 {[%emt 0:03:09]} a5 {[%emt 0:29:45]} 16. Rc1 {[%emt 0:09:53]} Bd7 {[%emt 0:02:01]} 17. g4 {[%emt 0:02:12]} Qe7 {[%emt 0:11:09]} 18. g5 {[%emt 0:27:27]} Ne4 {[%emt 0:00:47]} 19. h4 {[%emt 0:01:30]} Bg4 {[%emt 0:09:51]} 20. Bxe4 {[%emt 0:05:26]} dxe4 {[%emt 0:00:06]} 21. Nd2 {[%emt 0:00:06]} Qe6 {[%emt 0:07:45]} 22. Ncxe4 {[%emt 0:02:10]} Bf5 {[%emt 0:00:26]} 23. f3 {[%emt 0:00:18]} Rac8 {[%emt 0:00:44]} 24. Qc5 {[%emt 0:08:25]} Ne7 {[%emt 0:02:11]} 25. Ka1 {[%emt 0:07:25]} Bxe4 {[%emt 0:00:06]} 26. fxe4 {[%emt 0:02:38]} Rf8 {[%emt 0:02:28]} 27. Rcf1 {[%emt 0:01:36]} f5 {[%emt 0:01:13]} 28. gxf6 {[%emt 0:01:00]} Rxf6 {[%emt 0:01:06]} 29. Rxf6 {[%emt 0:01:31]} gxf6 {[%emt 0:01:35]} 30. Qh5 {[%emt 0:04:54]} Kh8 {[%emt 0:00:37]} 31. Rf1 {[%emt 0:01:12]} Rg8 {[%emt 0:04:13]} 32. Qf3 {[%emt 0:00:17]} Kg7 {[%emt 0:00:23]} 33. Nb3 {[%emt 0:01:38]} Nc8 {[%emt 0:02:55]} 34. Nc5 {[%emt 0:00:47]} Qe7 {[%emt 0:00:11]} 35. Rg1+ {[%emt 0:01:01]} Kh8 {[%emt 0:00:05]} 36. Rxg8+ {[%emt 0:00:14]} Kxg8 {[%emt 0:00:07]} 37. Qg4+ {[%emt 0:00:05] Qd8} 1-0